<The> General Concept of the Revenue Model for Sustainability Growth
Toky výnosov a modely výnosov skúmaných vo vinárskom priemysle. Návrh všeobecného modelu výnosov. Faktory predvídajúce rozsah modelu výnosov.
Gespeichert in:
| 1. Verfasser: | |
|---|---|
| Weitere Verfasser: | , |
| Format: | Buchkapitel |
| Sprache: | Englisch |
| Schlagworte: | |
| Tags: |
Keine Tags, Fügen Sie das erste Tag hinzu!
|
MARC
| LEADER | 00000naa a2200000 4500 | ||
|---|---|---|---|
| 001 | 0269956 | ||
| 005 | 20260323082411.6 | ||
| 041 | 0 | |a eng | |
| 044 | |a CH | ||
| 245 | 1 | 0 | |a <The> General Concept of the Revenue Model for Sustainability Growth |c Katarína Remeňová, Jakub Kintler, Nadežda Jankelová |
| 520 | |a Toky výnosov a modely výnosov skúmaných vo vinárskom priemysle. Návrh všeobecného modelu výnosov. Faktory predvídajúce rozsah modelu výnosov. | ||
| 610 | 2 | 0 | |a príjmy |
| 610 | 2 | 0 | |a zdroje finančné |
| 610 | 2 | 0 | |a modely |
| 610 | 2 | 0 | |a podnik |
| 100 | 1 | |a Remeňová, Katarína, 1982- | |
| 700 | 1 | |a Kintler, Jakub, 1979- | |
| 700 | 1 | |a Jankelová, Nadežda, 1966- | |